Communication Engineering (Record no. 194881)
[ view plain ]
| 000 -LEADER | |
|---|---|
| fixed length control field | 00935 a2200157 4500 |
| 003 - CONTROL NUMBER IDENTIFIER | |
| control field | Nust |
| 005 - DATE AND TIME OF LATEST TRANSACTION | |
| control field | 20170207154206.0 |
| 040 ## - CATALOGING SOURCE | |
| Transcribing agency | Nust |
| 082 ## - DEWEY DECIMAL CLASSIFICATION NUMBER | |
| Classification number | 621.382 |
| 100 ## - MAIN ENTRY--PERSONAL NAME | |
| Personal name | W.L.Everitt , G.E.Anner, |
| 245 ## - TITLE STATEMENT | |
| Title | Communication Engineering |
| Statement of responsibility, etc. | W.L.Everitt , G.E.Anner, |
| 260 ## - PUBLICATION, DISTRIBUTION, ETC. | |
| Place of publication, distribution, etc. | london |
| Name of publisher, distributor, etc. | Mc Graw-Hill |
| Date of publication, distribution, etc. | 1956 |
| 300 ## - PHYSICAL DESCRIPTION | |
| Extent | xi,644p; |
| 505 ## - FORMATTED CONTENTS NOTE | |
| Formatted contents note | Fundamental Principles of Communication Networks (Page-1) Methods of Network-Behavior Analysis (Page-44) Steady-State Analysis and Network Theorems (Page-86) Resonance (Page-130) Bridge Networks (Page-189) Iterative Networks (Page-219) Wave Filters (Page-249) The Infinite Line (Page-294) Reflection (Page-329) Lines of Low Loss (Page-360) Impedance Transformation (Page-403) Impedance Matching With Stubs (Page-451) Broad-Band Impedance Transformation (Page-468) Equalization (Page-505) Linear Amplifiers (Page-540) Electromechanical Coupling (Page-595) |
| 538 ## - SYSTEM DETAILS NOTE | |
| System details note | Almirah No.130 Shelf No.5 |
| 942 ## - ADDED ENTRY ELEMENTS (KOHA) | |
| Source of classification or shelving scheme | |
| Koha item type | Book |
| Withdrawn status | Lost status | Source of classification or shelving scheme | Damaged status | Not for loan | Collection code | Permanent Location | Current Location | Date acquired | Total Checkouts | Full call number | Barcode | Date last seen | Price effective from | Koha item type |
|---|---|---|---|---|---|---|---|---|---|---|---|---|---|---|
| Military College of Signals (MCS) | Military College of Signals (MCS) | 12/12/2016 | 621.382 EVE | MCS6413 | 12/08/2016 | 12/12/2016 | Book |
